A Dugonics téren Pontgyűjtő Partyval várták a jövőre felvételizőket
Elmentve itt :
| Szerző: | |
|---|---|
| További közreműködők: | |
| Dokumentumtípus: | Cikk |
| Megjelent: |
2023-04-22
|
| Sorozat: | Szeged.hu
|
| Kulcsszavak: | Rendezvény - SZTE Pontgyűjtő Party, Dugonics tér, Rektori Épület, Együttműködés - középiskolák, Végzős középiskolai diákok, Továbbtanulás, Egyetemi felvételi - 2024, SZTE Karrier Iroda, SZTE Junior Akadémia, SZTE Pontkalkulátor, Ösztöndíj, Szakál Péter - oktatási igazgató, Oktatási Igazgatóság |
| Online Access: | http://univ.bibl.u-szeged.hu/66045 |
| LEADER | 01057nab a2200181 i 4500 | ||
|---|---|---|---|
| 001 | univ66045 | ||
| 005 | 20230424135828.0 | ||
| 008 | 230424s2023 hu o 0|| hun d | ||
| 040 | |a SZTE UnivHistória Repozitórium |b hun | ||
| 041 | |a hun | ||
| 100 | 1 | |a Rafai Gábor | |
| 245 | 1 | 2 | |a A Dugonics téren Pontgyűjtő Partyval várták a jövőre felvételizőket |h [elektronikus dokumentum] / |c Rafai Gábor |
| 260 | |c 2023-04-22 | ||
| 490 | 0 | |a Szeged.hu | |
| 561 | |a Egyetemi hirarchívum | ||
| 695 | |a Rendezvény - SZTE Pontgyűjtő Party, Dugonics tér, Rektori Épület, Együttműködés - középiskolák, Végzős középiskolai diákok, Továbbtanulás, Egyetemi felvételi - 2024, SZTE Karrier Iroda, SZTE Junior Akadémia, SZTE Pontkalkulátor, Ösztöndíj, Szakál Péter - oktatási igazgató, Oktatási Igazgatóság | ||
| 700 | 0 | 1 | |a Szabó Luca |
| 856 | 4 | 0 | |u http://univ.bibl.u-szeged.hu/66045/1/Szeged.hu%20-%20A%20Dugonics%20t%C3%A9ren%20Pontgy%C5%B1jt%C5%91%20Partyval%20v%C3%A1rt%C3%A1k%20a%20j%C3%B6v%C5%91re%20felv%C3%A9teliz%C5%91ket.pdf |z Dokumentum-elérés |